LEADER 01095nam a2200217 i 4500 001 000000347320 003 CaOOAMICUS 005 20210817153344.0 008 210817s1954 it u000 u lat u 013 $a174049 040 $aSeMil$bita 245 00$aCompendium vitae virtutum et miraculorum necnon actorum in causa canonizationis Beati Pii Papae 10. confessoris :$bex tabulario Sacrorum Rituum Congregationis. 260 $a[S.l.] :$bTypis Polyglottis Vaticanis,$c1954. 300 $a12 p. ;$c28 cm 600 04$aPio X .$0(OLS)http://semarc/subject/2400 650 4$aSanti - Canonizzazione.$0(OLS)http://semarc/subject/1571 850 $aSeMil 852 $aSeMil$W1$xVenegono$y1$m5A VI 5/20$j227926$B238388$CSeMilBibl$Z2$F238388 $81 996 $6245$aCompendium vitae virtutum et miraculorum necnon actorum in causa canonizationis Beati Pii Papae 10. confessoris :$bex tabulario Sacrorum Rituum Congregationis$9(OLS)http://semarc/title/436589 996 $6260$a[S.l.] :$bTypis Polyglottis Vaticanis$9(OLS)http://semarc/publisher/37081 LEADER 01298nam a2200277 i 4500 001 000000116830 003 CaOOAMICUS 005 20030630000000.0 008 030630s1989 it u000 u ita u 013 $a89519 020 $a88-85438-02-4 040 $aSeMil$bita 100 1 $aSignor, Lice Maria.$0(OLS)http://semarc/name/48762 240 00$aGiovanni Battista Scalabrini.$0(OLS)http://semarc/title/171356 245 10$aGiovanni Battista Scalabrini e l'emigrazione italiana :$bun progetto socio-pastorale /$cLice Maria Signor. 260 $aRoma :$bCentro studi emigrazione,$c1989. 300 $a305 p. :$bill., [20] p. di tav. + [2] p. di tav. ;$c21 cm. 500 $aContiene : Fonfi e bibliografia. - Fondo Card. C.M. Martini. 600 14$aScalabrini, Giovanni Battista .$0(OLS)http://semarc/subject/12061 850 $aSeMil 852 $aSeMil$W1$xVenegono$y1$m3J II 82$j72235$B72235$CSeMilBibl$Z2$F102928 $81 941 1 $a4 961 $aOmaggio: Martini Card. Carlo Maria 996 $6020$a88-85438-02-4$9(OLS)http://semarc/number/101040 996 $6245$aGiovanni Battista Scalabrini e l'emigrazione italiana :$bun progetto socio-pastorale$9(OLS)http://semarc/title/171357 996 $6260$aRoma :$bCentro studi emigrazione$9(OLS)http://semarc/publisher/43013